All about techniques in airbrush an indispensable manual for artists

Bibliographic Details
Format: Book
Language:English
Published: New York : Barron's educational series Inc , 2002
Subjects:

MARC

LEADER 00000cam a2200000 7i4500
001 0000013803
005 20230714.0
008 031105 nyu eng
020 |a 0764155091 (hbk) 
040 |a INS 
090 0 0 |a NC915.A35   |b .T6313 2002 
245 1 0 |a All about techniques in airbrush an indispensable manual for artists 
260 |a New York :   |b Barron's educational series Inc ,   |c 2002 
300 |a 143 p. :   |b col. ill. ;   |c 28 cm. 
650 0 |a Airbrush art   |x Techniques 
999 |a 0000011463   |b BOOK   |c Open Shelf   |e Default branch